Normal view MARC view
  • Children's stories, English

Entry Topical Term

Number of records used in: 11

001 - CONTROL NUMBER

  • control field: 11694

003 - CONTROL NUMBER IDENTIFIER

  • control field: NUST

005 - DATE AND TIME OF LATEST TRANSACTION

  • control field: 20180716110421.0

008 - FIXED-LENGTH DATA ELEMENTS

  • fixed length control field: 180716|| aca||aabn | a|a d

040 ## - CATALOGING SOURCE

  • Original cataloging agency: NUST
  • Transcribing agency: NUST

150 ## - HEADING--TOPICAL TERM

  • Topical term or geographic name entry element: Children's stories, English

670 ## - SOURCE DATA FOUND

  • Source citation: Work cat.: (NUST)173210: Blyton, Enid. 11689, The rat-a-tat mystery;, 1966
© 2023 Central Library, National University of Sciences and Technology. All Rights Reserved.